| 000 | 00715nam a2200217 a 4500 | ||
|---|---|---|---|
| 005 | 20210223125833.0 | ||
| 008 | 060309s1997 mx r 000 0 spa d | ||
| 020 | _a8449303958 | ||
| 035 | _aUPN01000143079 | ||
| 049 | _aCG | ||
| 050 | 4 |
_aHV10.5 _bB3.3 |
|
| 100 | 1 | _aBanks, Sarah | |
| 245 | 1 | 0 |
_aEtica y valores en el trabajo social / _cSarah Banks ; tr. Josep Lluís Mateo Dieste. |
| 260 |
_aBarcelona, Esp. : _bPaidós _c1997. |
||
| 300 | _a208 p. | ||
| 440 | 0 |
_aPaidós trabajo social ; _v2 |
|
| 534 |
_pTítulo original : _tEthics and values in social work |
||
| 650 | 4 |
_aSERVICIO SOCIAL - _xASPECTOS MORALES Y ETICOS _94677 |
|
| 650 | 4 |
_aTRABAJADORES SOCIALES - _xETICA PROFESIONAL _94676 |
|
| 905 | _aLibro | ||
| 999 |
_c115226 _d115226 |
||